Canada quiz 20sec - Statistics

General Stats
  • This quiz has been taken 26 times
  • The average score is 4 of 7
Answer Stats
Hint Answer % Correct
what is the largest city toronto
100%
which country is bordering usa
100%
what is famous Quebec food poutine
62%
how many provinces and territories 13
54%
what is the largest province quebec
54%
what is the national animal beaver
23%
what is the largest territory nunuvut
23%
No matching quizzes found
Score Distribution
Percent of People with Each Score
Percentile by Number Answered
Your Score History
You have not taken this quiz